Strengthening the roots of a CPO (Record no. 84241)

MARC details
000 -LEADER
fixed length control field 00788cab a22001935a 4500
001 - CONTROL NUMBER
control field L157032
008 - FIXED-LENGTH DATA ELEMENTS--GENERAL INFORMATION
fixed length control field 120815e20120811xxk 000 0 eng d
035 ## - SYSTEM CONTROL NUMBER
System control number (Sirsi) u157032
041 0# - LANGUAGE CODE
Language code of text/sound track or separate title eng
100 1# - MAIN ENTRY--PERSONAL NAME
Personal name McKay, Vikki
245 00 - TITLE STATEMENT
Title Strengthening the roots of a CPO
260 ## - PUBLICATION, DISTRIBUTION, ETC.
Date of publication, distribution, etc. 2012
490 ## - SERIES STATEMENT
Series statement Estates Gazette
Volume/sequential designation (1232) 11 August 2012, 40-41 (2)
520 ## - SUMMARY, ETC.
Summary, etc. Explains the challenges for real estate lawyers in transfering title in land to an acquiring authority following the grant of a compulsory purchase order without reference to or the participation of the landowner. If this process goes smoothly then it will help facilitate the next stage of development for the land.
590 ## - LOCAL NOTE (RLIN)
Local note KA
651 #4 - SUBJECT ADDED ENTRY--GEOGRAPHIC NAME
Geographic name United Kingdom
690 ## - LOCAL SUBJECT ADDED ENTRY--TOPICAL TERM (OCLC, RLIN)
Topical term or geographic name as entry element Compulsory purchase
9 (RLIN) 6228
942 ## - ADDED ENTRY ELEMENTS (KOHA)
Suppress in OPAC 0
Holdings
Withdrawn status Lost status Source of classification or shelving scheme Damaged status Not for loan Home library Current library Shelving location Date acquired Total Checkouts Full call number Barcode Date last seen Copy number Price effective from Koha item type
    Dewey Decimal Classification     London London Journal article 15/08/2012   L157032 157032-1001 06/08/2019 1 06/08/2019 Journal article